000 00840nam a22002537a 4500
005 20170123162343.0
010 _aA-678361
020 _c150.00
035 _aA-678361
037 _bCen Lib/Ret
040 _aDPL
_bUR
082 _a840
_bن ن د
100 _aنند کشور وکرم
_9129446
245 _aعلمی اردو ادب :
_cنند کشور وکرم
_b1994 /
246 _aAlami urdu adab : 1994 /
_bby Nand Kishor Vikram
260 _aدہلی
_bپبلکٹوں اینڈ ادورتیسرس
_c1994
270 _bدہلی
_aجے،٦ کرشن نگر
_e110021
300 _a399p.
_c21cm(Hb)
650 _aادب -- اردو
_9129447
650 _a ادبی تنقید
_9129448
650 _aLiterature -- Urdu
_9129449
650 _aLiterary criticism
_923292
942 _2ddc
_cUR
_h840
_mن ن د
999 _c108657
_d108657